Migratory policy in Mexico regarding Central American migratory flows in the current context /
sin resumen
Uloženo v:
| Hlavní autor: | |
|---|---|
| Médium: | Text |
| Tagy: |
Přidat tag
Žádné tagy, Buďte první, kdo vytvoří štítek k tomuto záznamu!
|
MARC
| LEADER | 00000 a a2200000 04500 | ||
|---|---|---|---|
| 001 | 7658 | ||
| 003 | |||
| 040 | |||
| 100 | |a Casillas R, Rodolfo | ||
| 245 | |a Migratory policy in Mexico regarding Central American migratory flows in the current context / |c Rodolfo Casillas R | ||
| 520 | |a sin resumen | ||
| 773 | |g volumen 3, número 6; páginas 70-80 | ||
| 999 | |c 26733 |d 26733 | ||
